01002nam a2200229 i 4500001000700000003000700007005001700014008004100031020001800072080003300090245017200123260004300295300002200338490004800360504003300408650004700441700003400488830005500522852005300577999001900630952012300649186064SpMaBN20250804072419.0160906s1989 sp |||| |dspa d a84-206-0428-3 a821.134.2(7/8)-32"18"(082.2)00aAntología crítica del cuento hispanoamericano b: del romanticismo al criollismo (1830-1920) / cselección, introducción y comentarios de José Miguel Oviedo. aMadrid : bAlianza Editorial, c[1989] a419 p. ; c18 cm.1 aEl libro de bolsillo ; v1428. aLiteratura aBibliografía : p. 413-416. 4aCuentos hispanoamericanos-yS.XIX.91607491 aOviedo, José Miguel.98801703aEl libro de bolsillo. pLiteraturav1428. 9180913 aES-MaACLjL-30632 z. - Donat. Miguel A. Velasco c186064d186064 00104070aATENEOMbATENEOMcDEPO2d2016-09-06eDONl0oL-30632p1196159r2023-02-23 00:00:00w2023-02-23yMONOGRAFIA